Asia Pacific Law Review

Detalles Bibliográficos
Formato: Revista
Lenguaje:inglés
Publicado: San Francisco, CA : LexisNexis, 1993-
Materias:
Acceso en línea:http://www.vlex.com/source/7157

MARC

LEADER 00000nas a22000007a 4500
005 20130312183516.0
007 cr|||| ||||
008 130312c19939999xxufr|p s|||| 0|||a1eng d
022 |a 10192557  
035 |a 7157 
040 |a vLex 
090 |c 3908  |d 3908 
245 0 0 |a Asia Pacific Law Review  |h [Recurso electrn̤ico]  
256 |a Servicio en ln̕ea 
260 |a San Francisco, CA :  |b LexisNexis,  |c 1993- 
300 |a 1 Recurso electrn̤ico 
506 |d vLex Global  |d vLex Global (Academic Edition, excluding Law Schools)  |d vLex Global (U.S. Academic Edition, Law Schools)  |d vLex Global (U.S. Academic Edition, excluding Law Schools)  |d vLex Global (Academic Edition, Law Schools) 
650 0 4 |a Derecho internacional   |v Revistas 
650 0 4 |a Comercio internacional  |v Revistas 
740 |a vLex Revistas (Servicio en ln̕ea) 
856 |a Acceso restringido  |u http://www.vlex.com/source/7157 
942 |c REV 
999 0 |a International law